The Folklore of Sex /

Guardado en:
Detalles Bibliográficos
Autor principal: Ellis, Albert (autor)
Formato: Libro
Idioma:Inglés
Publicado: Nueva York, EUA : Grove, 1961, c1960
Edición:4a impresión
Colección:(Black Cat Grove ; 4)
Etiquetas: Agrega una etiqueta
Sin etiquetas, Sé el primero en etiquetar este registro!

MARC

LEADER 00000nam^a2200000^a^4500
001 000596365
005 20250529000000.0
009 20260310133105.389
037 |a Acervo ITESO - Biblioteca 
041 |a ING 
091 |a FCV. 00118 
100 |a Ellis, Albert  |e (autor) 
245 1 4 |a The Folklore of Sex / 
250 |a 4a impresión 
264 4 |a Nueva York, EUA :  |b Grove,  |c 1961, c1960 
300 |a 255 p. 
336 |a texto  |b txt  |2 rdacontenido 
337 |a sin mediación  |b n  |2 rdamedio 
338 |a volumen  |b nc  |2 rdasoporte 
440 1 |a (Black Cat Grove ;  |v 4) 
561 |a Ex libris manuscrito de Juan José Coronado Villanueva S.J., Palo Alto, California, EUA, julio de 1979 
649 |a XX 
910 |a Fondo Juan José Coronado Villanueva S.J. 
920 |a Impresos - Libros 
930 |a Fondos Especiales 
905 |a 144 
901 |a 596625-10  |b IT2  |c ESP  |i D77345  |u 20250521 
902 |a https://opac.biblio.iteso.mx/vufind/Record/000596365